[Event "Open Letni Praha 2017 - A"]
[Site "?"]
[Date "2017.08.09"]
[Round "7"]
[White "Chernyshov, Konstantin"]
[Black "Brokken, Dennis"]
[Result "0-1"]
[WhiteElo "2496"]
[BlackElo "2401"]
[PlyCount "92"]
[EventDate "2017.??.??"]
[WhiteClock "0:03:31"]
[BlackClock "0:28:34"]

1. e4 c5 2. Nf3 d6 3. Bb5+ Nd7 4. O-O a6 5. Bxd7+ Bxd7 6. Re1 e6 7. Nc3 b5 8.
a4 g5 9. d3 g4 10. Nd2 h5 11. f3 Bg7 12. axb5 axb5 13. Rxa8 Qxa8 14. fxg4 Bd4+
15. Kh1 Nf6 16. Nf3 Nxg4 17. Qe2 Nf2+ 18. Kg1 Nxe4+ 19. Nxd4 Nxc3 20. bxc3 cxd4
21. cxd4 b4 22. Bd2 b3 23. cxb3 Bc6 24. Bf4 Kd7 25. Qf2 f5 26. Bg3 h4 27. Bxh4
Bxg2 28. Qxg2 Qxg2+ 29. Kxg2 Rxh4 30. d5 e5 31. Rf1 Rg4+ 32. Kh3 Rd4 33. Rxf5
Rxd3+ 34. Kg2 Rxd5 35. h4 Ke6 36. Rf3 e4 37. Rh3 Rh5 38. Kg3 Ke5 39. Kg4 Rh8
40. h5 Rg8+ 41. Kh4 Kf4 42. h6 e3 43. Rh1 d5 44. Kh5 e2 45. h7 Rh8 46. Kg6 d4
0-1

[Event "Open Letni Praha 2017 - A"]
[Site "?"]
[Date "2017.08.09"]
[Round "7"]
[White "Kulkarni, Bhakti"]
[Black "Xiu, Deshun"]
[Result "0-1"]
[WhiteElo "2291"]
[BlackElo "2532"]
[PlyCount "98"]
[EventDate "2017.??.??"]
[WhiteClock "0:35:58"]
[BlackClock "0:15:53"]

1. d4 Nf6 2. Nf3 d5 3. c4 e6 4. Bf4 c5 5. Nc3 dxc4 6. dxc5 Qa5 7. e3 Qxc5 8.
Qa4+ Nc6 9. Qxc4 Bd7 10. a3 a6 11. Qxc5 Bxc5 12. Rc1 Ke7 13. Na4 Ba7 14. Nc5
Bxc5 15. Rxc5 Rac8 16. Be2 Na7 17. Rxc8 Rxc8 18. Bd1 Rc1 19. O-O Nd5 20. Bb3
Nxf4 21. exf4 Rc5 22. Rd1 Nc6 23. Ng5 Na5 24. Ba2 Rc2 25. Nxf7 Rxb2 26. Ne5 Ba4
27. Ra1 Rd2 28. Nf3 Rd3 29. Re1 Rxa3 30. Bxe6 Kd8 31. Nd4 Nc6 32. Nf5 g6 33.
Nd6 Nd4 34. Nxb7+ Kc7 35. Bd5 Ne2+ 36. Kh1 Nxf4 37. Be4 Ra2 38. Nc5 Bb5 39. Kg1
Kb6 40. Nb3 Ne2+ 41. Kh1 Bc4 42. Na1 Nd4 43. Kg1 a5 44. h4 a4 45. h5 gxh5 46.
Bxh7 a3 47. f4 Bd5 48. Rd1 Rxg2+ 49. Kf1 Ra2 0-1

[Event "Open Letni Praha 2017 - A"]
[Site "?"]
[Date "2017.08.09"]
[Round "7"]
[White "Hollan, Petr"]
[Black "Urtnasan, Nasanjargal"]
[Result "0-1"]
[WhiteElo "2273"]
[BlackElo "2419"]
[PlyCount "133"]
[EventDate "2017.??.??"]
[WhiteClock "0:00:33"]
[BlackClock "0:22:43"]

1. e4 c5 2. Nf3 Nc6 3. d4 cxd4 4. Nxd4 g6 5. c4 Nf6 6. Nc3 d6 7. f3 Nxd4 8.
Qxd4 Bg7 9. Be3 O-O 10. Qd2 Be6 11. Rc1 a6 12. Be2 Rc8 13. b3 Qa5 14. Nd5 Qxd2+
15. Kxd2 Nxd5 16. cxd5 Bd7 17. Rxc8 Rxc8 18. Rc1 Rxc1 19. Kxc1 f5 20. Kd2 fxe4
21. fxe4 Be5 22. h3 Kf7 23. Bg5 Bf6 24. Be3 h5 25. Bf4 Kg7 26. Be3 Bh4 27. g4
Bf6 28. gxh5 Bxh3 29. hxg6 Kxg6 30. Kd3 Be5 31. Bd2 Kf6 32. Be3 Bh2 33. Bh6 Bg1
34. Bf4 Bf2 35. Kd2 Bd7 36. Bf3 Bc5 37. Be2 Bd4 38. Bf3 Be5 39. Ke3 a5 40. Be2
b5 41. Kf3 Bxf4 42. Kxf4 Be8 43. Bg4 Bf7 44. Be2 b4 45. Bg4 Bg6 46. Bf3 Bh7 47.
Bd1 Bg8 48. Bg4 Bf7 49. Bf3 e6 50. dxe6 Bxe6 51. Bd1 Bf7 52. Be2 Be8 53. Ke3
Ke5 54. Ba6 Bc6 55. Bd3 Ba8 56. Bc2 Bb7 57. Bd3 Bc6 58. Bc2 Be8 59. Kd3 Bg6 60.
Kc4 Bxe4 61. Bd1 Bb1 62. Kb5 Kd4 63. Kxa5 Kc3 64. Kb5 d5 65. Bf3 d4 66. Bd1 d3
67. Kc6 0-1

[Event "Open Letni Praha 2017 - A"]
[Site "?"]
[Date "2017.08.09"]
[Round "7"]
[White "Kraus, Tomas"]
[Black "Pauly, Carlo"]
[Result "1-0"]
[WhiteElo "2424"]
[BlackElo "2261"]
[PlyCount "113"]
[EventDate "2017.??.??"]
[WhiteClock "0:09:15"]
[BlackClock "0:14:24"]

1. d4 Nf6 2. g3 g6 3. Bg2 Bg7 4. e4 d6 5. Ne2 O-O 6. Nbc3 c6 7. O-O Nbd7 8. a4
e5 9. h3 exd4 10. Nxd4 a5 11. Bf4 Ne5 12. b3 Re8 13. Qd2 Qb6 14. Rad1 Qa6 15.
Rfe1 Be6 16. Be3 Rad8 17. f4 Ned7 18. f5 gxf5 19. exf5 Bd5 20. Nxd5 Nxd5 21.
Bxd5 cxd5 22. Nb5 Ne5 23. Rf1 d4 24. Bxd4 Qc6 25. Qg2 d5 26. Qf2 Bf6 27. Rfe1
Rd7 28. Re3 Rde7 29. Rde1 Nd7 30. Rxe7 Rxe7 31. Rxe7 Bxe7 32. Qe2 Kf8 33. Qd2
Bf6 34. Bc3 Kg8 35. g4 Ne5 36. Nd4 Nf3+ 37. Nxf3 Bxc3 38. Qg5+ Kf8 39. Qd8+ Kg7
40. Qg5+ Kf8 41. Qd8+ Kg7 42. g5 Bb2 43. f6+ Kg6 44. Qg8+ Kf5 45. Qxh7+ Kf4 46.
Kg2 Qe8 47. Qh4+ Kf5 48. Qg4+ Kg6 49. Nh4+ Kh7 50. Nf5 Ba3 51. Ne7 Bxe7 52.
Qh5+ Kg8 53. Qe2 d4 54. fxe7 Qc6+ 55. Kg3 Qd6+ 56. Kh4 Qf4+ 57. Kh5 1-0

[Event "Open Letni Praha 2017 - A"]
[Site "?"]
[Date "2017.08.09"]
[Round "7"]
[White "Gokhale, Chandrashekhar"]
[Black "Domogaev, Sergey"]
[Result "0-1"]
[WhiteElo "2197"]
[BlackElo "2400"]
[PlyCount "182"]
[EventDate "2017.??.??"]
[WhiteClock "0:01:12"]
[BlackClock "0:22:50"]

1. d4 Nf6 2. Nf3 g6 3. Bf4 Bg7 4. e3 O-O 5. Be2 d5 6. O-O c5 7. c3 Nc6 8. Nbd2
Nh5 9. Bg3 Nxg3 10. hxg3 b6 11. Qa4 Bd7 12. Qa3 Rc8 13. Rfd1 e6 14. Bb5 Re8 15.
Qb3 Rb8 16. Qc2 Rc8 17. Qb3 Qe7 18. Nf1 Rb8 19. Qc2 Rec8 20. Qe2 Rc7 21. N1d2
Qe8 22. Re1 a5 23. g4 a4 24. a3 h6 25. Rad1 Ra7 26. Nf1 Ra5 27. Bd3 Qc8 28. Bb1
Ra7 29. g5 Rc7 30. gxh6 Bxh6 31. e4 dxe4 32. Qxe4 cxd4 33. Nxd4 Nxd4 34. Qxd4
Bg7 35. Qd6 Bc6 36. Be4 Bb5 37. Ne3 Rc5 38. Qe7 Qc7 39. Qxc7 Rxc7 40. Rd2 Kf8
41. Red1 Ke7 42. g3 Rbc8 43. Kg2 Rd7 44. Rxd7+ Bxd7 45. Nc2 Be5 46. Nd4 Bd6 47.
Bb7 Rc5 48. f4 e5 49. fxe5 Rxe5 50. Bc6 Rc5 51. Bxd7 Kxd7 52. g4 Rd5 53. Kf3
Ke8 54. Ke4 Rg5 55. Kf3 Be5 56. Nc6 Bc7 57. Nd4 Re5 58. Rh1 Kd7 59. Rh8 Re1 60.
Rf8 Rf1+ 61. Ke3 Bd6 62. Ra8 Rb1 63. Rxa4 Rxb2 64. Ra7+ Ke8 65. Ke4 Kf8 66. Kd5
Bf4 67. Ke4 Bd2 68. c4 Ra2 69. Nb5 Bg5 70. Nd6 Be7 71. Ra8+ Kg7 72. Nb5 Rg2 73.
Re8 Bc5 74. Kf3 Rf2+ 75. Kg3 Ra2 76. Kf3 Ra1 77. Kg2 Kh6 78. Re5 Rc1 79. Re4
Kg5 80. Nd4 Bxa3 81. Nf3+ Kf6 82. Rf4+ Ke7 83. Re4+ Kf8 84. Ne5 Kg7 85. Nd7 Bc5
86. Kh3 Rc2 87. Nxc5 bxc5 88. g5 f5 89. Re7+ Kf8 90. Rc7 Rc3+ 91. Kh2 Rxc4 0-1

[Event "Open Letni Praha 2017 - A"]
[Site "?"]
[Date "2017.08.09"]
[Round "7"]
[White "Yagupov, Igor"]
[Black "Sbarra, Marco"]
[Result "1-0"]
[WhiteElo "2395"]
[BlackElo "2228"]
[PlyCount "75"]
[EventDate "2017.??.??"]
[WhiteClock "0:03:11"]
[BlackClock "0:20:14"]

1. e4 e5 2. Nf3 Nc6 3. Bb5 a6 4. Ba4 Nf6 5. O-O Be7 6. Re1 b5 7. Bb3 d6 8. c3
O-O 9. h3 Na5 10. Bc2 c5 11. d4 Qc7 12. Nbd2 Nc6 13. d5 Nd8 14. a4 Rb8 15. b4
Ne8 16. bxc5 Qxc5 17. axb5 axb5 18. Re3 Nb7 19. Ba3 Qc7 20. Rb1 Na5 21. Bd3 Qd7
22. c4 Nc7 23. cxb5 Nxb5 24. Rxb5 Rxb5 25. Nxe5 Qb7 26. Bxb5 Qxb5 27. Nef3 Re8
28. Nd4 Qd7 29. Nf5 Bf8 30. Qg4 Qc7 31. Bb2 Bxf5 32. Qxf5 Qc2 33. Bc3 Nb3 34.
Rf3 Re7 35. Nxb3 Qxb3 36. Bxg7 Qb1+ 37. Kh2 Qxe4 38. Bf6 1-0

[Event "Open Letni Praha 2017 - A"]
[Site "?"]
[Date "2017.08.09"]
[Round "7"]
[White "Vanek, Ladislav"]
[Black "Plischki, Sebastian"]
[Result "0-1"]
[WhiteElo "2235"]
[BlackElo "2383"]
[PlyCount "134"]
[EventDate "2017.??.??"]
[WhiteClock "0:25:09"]
[BlackClock "0:22:24"]

1. d4 Nf6 2. c4 g6 3. Nc3 d5 4. Nf3 Bg7 5. Bg5 Ne4 6. cxd5 Nxg5 7. Nxg5 e6 8.
Qd2 h6 9. Nh3 exd5 10. Nf4 O-O 11. e3 Re8 12. Be2 c6 13. O-O Bf8 14. Bd3 Nd7
15. Rfe1 Nf6 16. e4 dxe4 17. Nxe4 Bf5 18. Ng3 Rxe1+ 19. Rxe1 Bxd3 20. Qxd3 Qd7
21. Qc4 Kg7 22. Rd1 Rd8 23. d5 Nxd5 24. Ne4 Qf5 25. Qd4+ Kg8 26. Ng3 Qc2 27.
Qd3 Qxb2 28. Ne4 Qe5 29. Qf3 Bg7 30. g3 Re8 31. Nxd5 Qxe4 32. Nf6+ Bxf6 33.
Qxf6 Qe7 34. Qd4 c5 35. Qa4 a6 36. Rd7 Qe1+ 37. Kg2 Re7 38. Rd8+ Kg7 39. Rc8
Qe5 40. Qc2 Rc7 41. Rb8 c4 42. Qd2 Rd7 43. Qxd7 Qxb8 44. Qd4+ Kg8 45. Qxc4 h5
46. h4 b5 47. Qc5 Qb7+ 48. Kf1 Kh7 49. a3 a5 50. Ke2 b4 51. axb4 Qxb4 52. Qd5
Kg8 53. Qe5 a4 54. Qe8+ Kg7 55. Qe5+ Kh7 56. Qd5 Qb3 57. Qxb3 axb3 58. Kd3 f6
59. Kc3 g5 60. Kxb3 gxh4 61. gxh4 Kg6 62. Kc4 Kf5 63. Kd5 Kg4 64. Ke4 Kxh4 65.
Kf5 Kh3 66. Kxf6 Kg4 67. f3+ Kf4 0-1

[Event "Open Letni Praha 2017 - A"]
[Site "?"]
[Date "2017.08.09"]
[Round "7"]
[White "Saiyn, Zhanat"]
[Black "Slovak, Kilian"]
[Result "1/2-1/2"]
[WhiteElo "2381"]
[BlackElo "2101"]
[PlyCount "51"]
[EventDate "2017.??.??"]
[WhiteClock "0:30:10"]
[BlackClock "0:14:43"]

1. d4 Nf6 2. Nf3 g6 3. c4 Bg7 4. Nc3 d6 5. e4 O-O 6. Be2 e5 7. O-O exd4 8. Nxd4
Re8 9. f3 c6 10. Be3 d5 11. cxd5 cxd5 12. Qb3 Nc6 13. Rad1 Na5 14. Qa3 Bf8 15.
b4 Nc6 16. Nxc6 bxc6 17. Bc5 Bxc5+ 18. bxc5 Qe7 19. Bd3 Be6 20. Rfe1 Rac8 21.
Bc2 Nh5 22. exd5 cxd5 23. Nxd5 Qxc5+ 24. Qxc5 Rxc5 25. Bb3 Kg7 26. g4 1/2-1/2

[Event "Open Letni Praha 2017 - A"]
[Site "?"]
[Date "2017.08.09"]
[Round "7"]
[White "Egorov, Konstantin"]
[Black "Lamorelle, Julien"]
[Result "1/2-1/2"]
[WhiteElo "2180"]
[BlackElo "2358"]
[PlyCount "126"]
[EventDate "2017.??.??"]
[WhiteClock "0:15:15"]
[BlackClock "0:17:30"]

1. d4 d5 2. c4 c6 3. Nf3 Nf6 4. Nc3 e6 5. cxd5 exd5 6. Qc2 Na6 7. a3 Nc7 8. Bg5
h6 9. Bh4 Be7 10. e3 O-O 11. Bd3 Re8 12. O-O Ne4 13. Bxe7 Qxe7 14. Bxe4 dxe4
15. Nd2 Bf5 16. Rae1 Bg6 17. Qb3 Qd7 18. Nc4 b6 19. Ne5 Qd6 20. f3 exf3 21.
Rxf3 Qe6 22. Qxe6 Rxe6 23. Nxg6 Rxg6 24. Ref1 Rf8 25. b4 Rd6 26. Rc1 Re8 27.
Kf2 Re7 28. Ne2 Nd5 29. Ng3 g6 30. h3 f5 31. h4 Nf6 32. h5 Ng4+ 33. Kg1 Rxe3
34. hxg6 Rxg6 35. Nxf5 Rxf3 36. Ne7+ Kf7 37. Nxg6 Rxa3 38. Ne5+ Nxe5 39. dxe5
Ke6 40. Rxc6+ Kxe5 41. b5 Kd4 42. Rxh6 Kc4 43. Rh5 Rb3 44. Rh7 Ra3 45. Rh5 Rb3
46. Rh7 Rxb5 47. Rxa7 Rg5 48. Kf2 b5 49. Rc7+ Kd3 50. Rd7+ Kc3 51. Rc7+ Kb3 52.
Kf3 b4 53. g4 Rb5 54. Kf4 Ka2 55. Rc2+ Ka1 56. Rc1+ Ka2 57. Rc2+ Ka3 58. g5 b3
59. Rc3 Ka2 60. g6 b2 61. Rc2 Kb3 62. Rxb2+ Kxb2 63. g7 Rb8 1/2-1/2

[Event "Open Letni Praha 2017 - A"]
[Site "?"]
[Date "2017.08.09"]
[Round "7"]
[White "Hoefelsauer, Thomas"]
[Black "Egorov, Pavel"]
[Result "1/2-1/2"]
[WhiteElo "2357"]
[BlackElo "2205"]
[PlyCount "83"]
[EventDate "2017.??.??"]
[WhiteClock "0:27:53"]
[BlackClock "0:30:12"]

1. c4 Nf6 2. g3 d5 3. cxd5 Nxd5 4. Bg2 Nb6 5. Nc3 Nc6 6. d3 g6 7. h4 h5 8. Nf3
Bg7 9. O-O O-O 10. Bg5 f6 11. Bd2 e5 12. Ne4 Nd4 13. Nxd4 exd4 14. Rc1 Kh8 15.
Nc5 c6 16. Qb3 f5 17. Ne6 Bxe6 18. Qxe6 Qe8 19. Qb3 Qf7 20. Qxf7 Rxf7 21. Bf4
Re8 22. Bf3 Be5 23. Bd2 Rd7 24. Bg5 Re6 25. Rc5 Bd6 26. Rc2 Be7 27. Bd2 Bf8 28.
Rfc1 Kh7 29. Kf1 Bh6 30. Bxh6 Kxh6 31. Rc5 a6 32. Ke1 Kg7 33. Kd2 Kf6 34. Ra5
Ke7 35. Rcc5 Kd6 36. Rc1 Ke7 37. b4 Kd6 38. a4 Re5 39. Rxe5 Kxe5 40. b5 cxb5
41. axb5 a5 42. e3 1/2-1/2

[Event "Open Letni Praha 2017 - A"]
[Site "?"]
[Date "2017.08.09"]
[Round "7"]
[White "Petran, Peter"]
[Black "Soural, Jan"]
[Result "1/2-1/2"]
[WhiteElo "2308"]
[BlackElo "2163"]
[PlyCount "80"]
[EventDate "2017.??.??"]
[WhiteClock "0:18:26"]
[BlackClock "0:07:16"]

1. g3 d5 2. Bg2 Nf6 3. d3 g6 4. c3 Bg7 5. f4 O-O 6. Nh3 c6 7. O-O Qb6+ 8. e3 a5
9. a4 Na6 10. Nf2 Nc5 11. Nd2 Bf5 12. d4 Nd3 13. Nxd3 Bxd3 14. Re1 Rfd8 15. g4
e6 16. g5 Ne8 17. b3 c5 18. Ba3 Bf8 19. Nf1 Ba6 20. Ng3 Rac8 21. dxc5 Bxc5 22.
Bxc5 Rxc5 23. Qd4 Qc7 24. b4 Rc4 25. Qd2 axb4 26. cxb4 Rc2 27. Qd1 b6 28. b5
Bb7 29. Ne2 d4 30. Bxb7 d3 31. Bc6 Rxe2 32. Rxe2 dxe2 33. Qxe2 Qd6 34. Bxe8
Rxe8 35. Qd1 Qc5 36. Qd4 Qxd4 37. exd4 Rd8 38. Rd1 Ra8 39. Ra1 Rd8 40. Rd1 Ra8
1/2-1/2

[Event "Open Letni Praha 2017 - A"]
[Site "?"]
[Date "2017.08.09"]
[Round "7"]
[White "Baasansuren, Erdene"]
[Black "Nitish, Belurkar"]
[Result "1/2-1/2"]
[WhiteElo "2169"]
[BlackElo "2269"]
[PlyCount "60"]
[EventDate "2017.??.??"]
[WhiteClock "0:02:11"]
[BlackClock "0:31:18"]

1. d4 d5 2. c4 c6 3. Nf3 Nf6 4. Qc2 g6 5. cxd5 cxd5 6. Nc3 Bg7 7. Bf4 Nc6 8. e3
O-O 9. Be2 Qb6 10. O-O Bf5 11. Qb3 Qxb3 12. axb3 Rfd8 13. h3 Ne4 14. g4 Nxc3
15. bxc3 Bd7 16. Rfd1 Be8 17. b4 a6 18. b5 axb5 19. Bxb5 Ne5 20. Bxe5 Bxb5 21.
Bxg7 Be2 22. Be5 Bxf3 23. Rxa8 Rxa8 24. Rb1 f6 25. Bc7 Be4 26. Rc1 Ra2 27. Bb6
Kf7 28. Bc5 b5 29. Rf1 Bf3 30. Kh2 Be2 1/2-1/2

[Event "Open Letni Praha 2017 - A"]
[Site "?"]
[Date "2017.08.09"]
[Round "7"]
[White "Zlatin, Alex"]
[Black "Haag, Martin"]
[Result "1-0"]
[WhiteElo "2149"]
[BlackElo "2263"]
[PlyCount "65"]
[EventDate "2017.??.??"]
[WhiteClock "0:27:33"]
[BlackClock "0:02:52"]

1. e4 c5 2. c3 Nf6 3. e5 Nd5 4. d4 cxd4 5. Nf3 Nc6 6. cxd4 d6 7. Bc4 Nb6 8. Bb5
dxe5 9. Nxe5 Bd7 10. Nxd7 Qxd7 11. Nc3 e6 12. O-O Rd8 13. a4 Nd5 14. Be3 Be7
15. Qf3 O-O 16. Rac1 Rc8 17. Rfd1 Rfd8 18. Bd3 Nf6 19. Bb1 Nb4 20. Bf4 Nbd5 21.
Be5 Nxc3 22. bxc3 Qxa4 23. Qxb7 Nd5 24. Bc2 Qc6 25. Qxc6 Rxc6 26. c4 Nb6 27. c5
Nd5 28. Ba4 Ra6 29. Bb5 Ra5 30. Bc4 Ra4 31. c6 Bf6 32. Bb5 Ra5 33. c7 1-0

[Event "Open Letni Praha 2017 - A"]
[Site "?"]
[Date "2017.08.09"]
[Round "7"]
[White "Neuman, Petr"]
[Black "Lushnikov, Evgeny"]
[Result "1-0"]
[WhiteElo "2457"]
[BlackElo "2121"]
[PlyCount "125"]
[EventDate "2017.??.??"]
[WhiteClock "0:15:17"]
[BlackClock "0:31:46"]

1. d4 e6 2. c4 b6 3. Nc3 Bb7 4. a3 f5 5. d5 Be7 6. g3 Nf6 7. Bg2 O-O 8. Nh3 e5
9. O-O d6 10. Ng5 Qd7 11. e4 Ne8 12. Ne6 Rf7 13. exf5 c6 14. Be4 cxd5 15. cxd5
Na6 16. b4 Rc8 17. Qd3 Nf6 18. f3 Nc7 19. b5 Qe8 20. Be3 Bf8 21. Rac1 h6 22. a4
Nd7 23. g4 Nc5 24. Bxc5 dxc5 25. Nxc7 Rfxc7 26. Qc4 Qf7 27. a5 Kh8 28. Ra1 Be7
29. axb6 axb6 30. Na4 Qf6 31. d6 Qxd6 32. Rfd1 Qf6 33. Bxb7 Rxb7 34. Nc3 Qg5
35. Qe4 Rbb8 36. Nd5 Rd8 37. Kh1 Bf6 38. Ra2 Qh4 39. Rad2 Rd6 40. Nf4 Rxd2 41.
Ng6+ Kh7 42. Rxd2 Qh3 43. Kg1 c4 44. Rd6 c3 45. Rxf6 c2 46. Qxc2 Qxf3 47. Rf8
Qxg4+ 48. Kf2 Rxf8 49. Nxf8+ Kg8 50. Ng6 Qd4+ 51. Kf3 Kh7 52. Qe4 Qd1+ 53. Kg2
Qd2+ 54. Kh3 Qc3+ 55. Kh4 Qd2 56. Nxe5 Qxh2+ 57. Kg4 h5+ 58. Kg5 Kh8 59. Ng6+
Kh7 60. Nh4 Qg3+ 61. Kxh5 Kh8 62. Qe8+ Kh7 63. Qg6+ 1-0

[Event "Open Letni Praha 2017 - A"]
[Site "?"]
[Date "2017.08.09"]
[Round "7"]
[White "Aliyev, Ravan"]
[Black "Krivanek, Vladimir"]
[Result "1-0"]
[WhiteElo "2346"]
[BlackElo "2107"]
[PlyCount "113"]
[EventDate "2017.??.??"]
[WhiteClock "0:02:46"]
[BlackClock "0:03:38"]

1. d4 b6 2. c4 Bb7 3. Nc3 f5 4. e3 Nf6 5. f3 Nc6 6. Bd3 g6 7. Nge2 e5 8. a3 Bg7
9. d5 Ne7 10. e4 O-O 11. O-O f4 12. c5 Kh8 13. b4 d6 14. cxd6 cxd6 15. Bd2 g5
16. Rc1 Ne8 17. Be1 h5 18. a4 Bc8 19. a5 g4 20. Kh1 Ng6 21. Bb5 gxf3 22. gxf3
bxa5 23. bxa5 Bh3 24. Rg1 Nh4 25. Bxh4 Qxh4 26. Qe1 Qe7 27. Na2 Bf6 28. Nec3
Bh4 29. Qd2 Nf6 30. Bf1 Bd7 31. Nb4 Nh7 32. Nc6 Qf6 33. Nb5 Rg8 34. Bg2 Rg6 35.
Qb2 Re8 36. a6 Ng5 37. Qb4 Nf7 38. Qb2 Reg8 39. Ncxa7 Bg3 40. Bf1 Qh4 41. Rc2
Bh3 42. Nxd6 Rxd6 43. Nc6 Rdg6 44. Bxh3 Qxh3 45. Ne7 Rxa6 46. Nxg8 Kxg8 47. Qb7
Ra3 48. Qc8+ Qxc8 49. Rxc8+ Kh7 50. Rc7 Kg6 51. hxg3 Rxf3 52. gxf4+ Kf6 53.
Rc6+ Ke7 54. Re6+ Kd7 55. fxe5 Rh3+ 56. Kg2 Ng5 57. Rg6 1-0

[Event "Open Letni Praha 2017 - A"]
[Site "?"]
[Date "2017.08.09"]
[Round "7"]
[White "Chkhaidze, Nikoloz"]
[Black "Fraczek, Dariusz"]
[Result "1-0"]
[WhiteElo "2341"]
[BlackElo "2104"]
[PlyCount "87"]
[EventDate "2017.??.??"]
[WhiteClock "1:03:19"]
[BlackClock "0:26:40"]

1. d4 Nf6 2. c4 g6 3. Nc3 Bg7 4. e4 d6 5. h3 O-O 6. Be3 e5 7. d5 Na6 8. Nf3 Nh5
9. g3 Qe8 10. Be2 f5 11. exf5 gxf5 12. Nxe5 Nxg3 13. fxg3 Bxe5 14. Bf4 Bxf4 15.
gxf4 Qe3 16. Qd2 Qxd2+ 17. Kxd2 Bd7 18. Bd3 Kf7 19. a3 Nc5 20. Rag1 Rg8 21. b4
Nxd3 22. Kxd3 c6 23. Kd4 Rae8 24. Rxg8 Rxg8 25. Re1 Rg3 26. dxc6 Bxc6 27. Re3
Rxe3 28. Kxe3 b6 29. Kd4 Ke6 30. h4 a6 31. b5 axb5 32. cxb5 Bf3 33. Na4 Be2 34.
Nxb6 Bxb5 35. a4 Ba6 36. Nd5 Bb7 37. Nb4 Kf6 38. Nd5+ Kg6 39. Ne3 Kf6 40. a5
Ke6 41. Nc2 Kd7 42. Nb4 Kc7 43. Nd5+ Kb8 44. Nf6 1-0

[Event "Open Letni Praha 2017 - A"]
[Site "?"]
[Date "2017.08.09"]
[Round "7"]
[White "Mikes, Jan"]
[Black "Simecek, Bohumil"]
[Result "1/2-1/2"]
[WhiteElo "2253"]
[BlackElo "2086"]
[PlyCount "56"]
[EventDate "2017.??.??"]
[WhiteClock "0:20:09"]
[BlackClock "0:04:27"]

1. c4 Nf6 2. g3 c6 3. Bg2 d5 4. cxd5 cxd5 5. Nf3 Bf5 6. O-O e6 7. d3 Nc6 8. Qa4
Bc5 9. Ne5 Qb6 10. e4 Bg6 11. Nc3 dxe4 12. Nxe4 Nxe4 13. dxe4 Qb4 14. Qxb4 Nxb4
15. Bd2 Rd8 16. Bc3 O-O 17. a3 Nd3 18. Nxg6 hxg6 19. e5 Bd4 20. Bxb7 Bxc3 21.
bxc3 Nxe5 22. Rfe1 Rb8 23. Bg2 Nd3 24. Re3 Nc5 25. Re5 Rfc8 26. Bf1 Rb3 27. c4
Kf8 28. h4 Ke7 1/2-1/2

[Event "Open Letni Praha 2017 - A"]
[Site "?"]
[Date "2017.08.09"]
[Round "7"]
[White "Karayev, Kanan"]
[Black "Zanikov, Konstantin"]
[Result "1-0"]
[WhiteElo "2228"]
[BlackElo "2083"]
[PlyCount "105"]
[EventDate "2017.??.??"]
[WhiteClock "0:16:00"]
[BlackClock "0:29:34"]

1. Nf3 c5 2. g3 Nc6 3. Bg2 g6 4. c4 Bg7 5. O-O Nf6 6. d4 cxd4 7. Nxd4 O-O 8.
Nc3 Qb6 9. Nc2 d6 10. b3 Bf5 11. Ne3 Ne4 12. Na4 Qd4 13. Bb2 Qxd1 14. Raxd1
Bxb2 15. Bxe4 Bxe4 16. Nxb2 g5 17. f3 Bg6 18. Na4 b6 19. Nc3 Rab8 20. Ned5 Rb7
21. f4 f6 22. Nb5 Rc8 23. Nd4 Nxd4 24. Rxd4 a6 25. fxg5 fxg5 26. Rg4 b5 27.
cxb5 axb5 28. Rxg5 Rc2 29. h4 Kg7 30. h5 e6 31. Ne3 Rxe2 32. Ng4 Rxa2 33. hxg6
h6 34. Rh5 Kxg6 35. Rxh6+ Kg5 36. Rh4 Rb2 37. Nf6 Ra7 38. Ne4+ Kg6 39. Rg4+ Kh5
40. Rh4+ Kg6 41. Rf6+ Kg7 42. Rg4+ Kh7 43. Rf2 Raa2 44. Ng5+ Kh6 45. Nf7+ Kh7
46. Rxb2 Rxb2 47. Nxd6 Rxb3 48. Kg2 b4 49. Re4 Rd3 50. Rxe6 b3 51. Ne4 Rd4 52.
Ng5+ Kg8 53. Re8+ 1-0

[Event "Open Letni Praha 2017 - A"]
[Site "?"]
[Date "2017.08.09"]
[Round "7"]
[White "Radeva, Viktoria"]
[Black "Battesti, Saveriu"]
[Result "1-0"]
[WhiteElo "2214"]
[BlackElo "2034"]
[PlyCount "93"]
[EventDate "2017.??.??"]
[WhiteClock "0:19:41"]
[BlackClock "0:04:22"]

1. e4 e5 2. Nf3 Nc6 3. d4 exd4 4. Nxd4 Bc5 5. Be3 Qf6 6. c3 Nge7 7. Bc4 Ne5 8.
Be2 O-O 9. O-O d5 10. f4 Qh6 11. Qd2 Ng4 12. Bxg4 Bxg4 13. f5 Qh5 14. h3 Bxh3
15. gxh3 Qxh3 16. Qf2 dxe4 17. Nd2 Nd5 18. Rae1 Rad8 19. Nxe4 Rfe8 20. Bg5 Bxd4
21. cxd4 f6 22. Bd2 Qd3 23. Nc5 Qh3 24. Qg2 Qxg2+ 25. Kxg2 Rxe1 26. Rxe1 Kf7
27. Bc3 b6 28. Ne4 g6 29. fxg6+ hxg6 30. Kf3 Rh8 31. Ng3 c6 32. Rh1 Rxh1 33.
Nxh1 Nxc3 34. bxc3 Ke6 35. Nf2 Kd5 36. Ng4 Kc4 37. Nxf6 Kxc3 38. Ke4 g5 39. Ng4
Kb4 40. Ne5 Kb5 41. Kf5 Kb4 42. Nxc6+ Kc4 43. Ke5 g4 44. d5 g3 45. Nd4 g2 46.
Nf3 Kd3 47. Kf4 {Kd4} 1-0

[Event "Open Letni Praha 2017 - A"]
[Site "?"]
[Date "2017.08.09"]
[Round "7"]
[White "Sindler, Michal"]
[Black "Hu, Zhiheng"]
[Result "1-0"]
[WhiteElo "2201"]
[BlackElo "1829"]
[PlyCount "69"]
[EventDate "2017.??.??"]
[WhiteClock "0:10:21"]
[BlackClock "0:26:04"]

1. e4 c5 2. Nf3 Nc6 3. Bb5 e6 4. O-O Nge7 5. c3 a6 6. Ba4 b5 7. Bc2 Bb7 8. d4
cxd4 9. Nxd4 Nxd4 10. cxd4 d5 11. e5 Nc6 12. Nc3 Be7 13. Qg4 g6 14. Be3 Qd7 15.
Rfd1 Rc8 16. Bd3 Nb4 17. Bb1 O-O 18. h4 Rc4 19. h5 Rfc8 20. hxg6 fxg6 21. Bxg6
hxg6 22. Qxg6+ Kh8 23. Qh6+ Kg8 24. Qg6+ Kh8 25. a3 Nc6 26. Qh6+ Kg8 27. Qg6+
Kh8 28. Rd3 Nxe5 29. Qh5+ Kg8 30. Bh6 Bh4 31. Qxe5 Qe7 32. Qh5 Bc6 33. Rh3 Rxd4
34. Qg6+ Kh8 35. Bg5 1-0

[Event "Open Letni Praha 2017 - A"]
[Site "?"]
[Date "2017.08.09"]
[Round "7"]
[White "Tatarintsev, Egor"]
[Black "Mukashev, Assan"]
[Result "1/2-1/2"]
[WhiteElo "2126"]
[BlackElo "2199"]
[PlyCount "39"]
[EventDate "2017.??.??"]
[WhiteClock "0:57:14"]
[BlackClock "0:50:29"]

1. d4 Nf6 2. c4 e6 3. Nf3 Be7 4. g3 c6 5. Bg2 O-O 6. O-O d5 7. b3 Nbd7 8. Qc2
b6 9. Nbd2 Bb7 10. Bb2 Rc8 11. e4 dxe4 12. Nxe4 c5 13. Nxf6+ Nxf6 14. d5 exd5
15. Ng5 h6 16. Bxf6 hxg5 17. Bxe7 Qxe7 18. cxd5 Rcd8 19. Rad1 Rd6 20. Rfe1
1/2-1/2

[Event "Open Letni Praha 2017 - A"]
[Site "Praha"]
[Date "2017.08.09"]
[Round "7"]
[White "Yuan, Ye"]
[Black "Nguyen, Thai Dai Vinh"]
[Result "1-0"]
[WhiteElo "2197"]
[BlackElo "1857"]
[PlyCount "99"]
[EventDate "2017.08.04"]

1. d4 Nf6 2. c4 e6 3. Nc3 Bb4 4. Qc2 O-O 5. a3 Bxc3+ 6. Qxc3 b6 7. Nf3 Bb7 8.
e3 Ne4 9. Qc2 d6 10. Be2 Nd7 11. O-O a5 12. b3 Qe7 13. Bb2 f5 14. Rad1 Ndf6 15.
b4 axb4 16. axb4 Rfd8 17. d5 exd5 18. Nd4 dxc4 19. Nxf5 Qe6 20. Nd4 Qe7 21.
Qxc4+ d5 22. Qb3 c5 23. bxc5 bxc5 24. Nf3 Bc6 25. Ra1 Rab8 26. Qc2 Re8 27. h3
Bd7 28. Be5 Ra8 29. Rxa8 Rxa8 30. Ra1 Rxa1+ 31. Bxa1 Bf5 32. Qa2 Qb7 33. g4 Be6
34. Qa5 Qc8 35. Ba6 Qf8 36. Qb6 Bd7 37. Be2 h5 38. g5 Ng4 39. hxg4 hxg4 40. Qg6
gxf3 41. Bxf3 Be8 42. Qe6+ Bf7 43. Qe5 c4 44. g6 Bxg6 45. Qxd5+ Kh8 46. Bxe4
Bxe4 47. Qxe4 Qd8 48. Qxc4 Qd1+ 49. Qf1 Qg4+ 50. Kh2 1-0

[Event "Open Letni Praha 2017 - A"]
[Site "Praha"]
[Date "2017.08.09"]
[Round "7"]
[White "Vrecion, Jiri"]
[Black "Haase, Pavel"]
[Result "1-0"]
[WhiteElo "1979"]
[BlackElo "2177"]
[PlyCount "83"]
[EventDate "2017.08.04"]

1. c4 Nf6 2. g3 g6 3. b3 Bg7 4. Bb2 O-O 5. Nf3 d6 6. Bg2 c5 7. Nc3 Nc6 8. O-O
a6 9. d4 Bg4 10. dxc5 dxc5 11. Na4 Nd7 12. Bxg7 Kxg7 13. h3 Bf5 14. Ng5 h6 15.
Ne4 Qa5 16. Qe1 Qxe1 17. Raxe1 b6 18. g4 Bxe4 19. Bxe4 Rfc8 20. Rd1 Nf6 21. Bg2
Rab8 22. Rd2 g5 23. Rfd1 Ne5 24. Nc3 h5 25. gxh5 Nxh5 26. Rd5 f6 27. e3 Kf7 28.
Ne4 Ng7 29. Nxg5+ Kg6 30. Nf3 Nc6 31. Nh4+ Kf7 32. Rd7 Nb4 33. a3 Nc6 34. f4
Na5 35. Ra7 f5 36. Rdd7 Re8 37. b4 Nb3 38. Rd6 Kg8 39. Bd5+ e6 40. Rdd7 Nh5 41.
Rh7 exd5 42. Ng6 1-0